Statistics for Comeback - názvy epizod

Click here to take the quiz!

General Stats

  • This quiz has been taken 167 times
  • The average score is 23 of 51

Answer Stats

HintAnswer% Correct
1Křeslo
83%
Gott ex machina
66%
15Taneční
64%
25Prohozz
63%
Komu zvoní hrany
60%
Rozzvod
60%
Slepák
59%
30Boží mlýny
57%
Cesta do Vtelna
55%
10Lexa a porno
54%
Souboj titánů
54%
Narozzeniny
53%
Simonina volba
53%
Heavy Christmas
52%
Zabijačka
51%
Lupiči
49%
5Pravidla rodinného provozzu
49%
Koprovka
48%
Zlatá ledvina
47%
Zlatá rybka
47%
Křik kormorána
43%
15Sulc
43%
Zdravý a nemocný
43%
Bejk
42%
CzechSteh
42%
Sliby chyby
42%
20Berňák
41%
Děvečka z Lidečka
41%
Francouzská restaurace
41%
Giganti
41%
Modelka
41%
Pomáhat a chránit
41%
Bez kláves neodejdu
39%
Je jaro...
39%
Krev, pop a slzy
39%
Obraz paní Rybkové
36%
Scrabble trable
36%
Změna je pivo
36%
Jmenuje se Dagmar!
35%
Pan Prase odchází
35%
Sbohem, Káhiro!
35%
Těžká hodina
35%
Holter
34%
Havárie
33%
Mrtvý muž
33%
Let mouchy
31%
10Třinácté pivo
31%
5Boží frisbee
30%
Strakonický bubák
30%
Absťák
29%
20Snad to vyjde příště
29%

Score Distribution

Percentile by Number Answered

Percent of People with Each Score

Your Score History

You have not taken this quiz